Top 100 séries des années 2000 - Statistiques

Statistiques générales
  • Ce quiz a été pris 592 fois
  • Le résultat moyen est 8 sur 100
Statistiques - réponses
Hint Réponse % Correct
2008 Breaking Bad
47%
2005 Prison Break
45%
2005 Grey's Anatomy
44%
2004 Desperate Housewives
41%
2007 Gossip Girl
36%
2003 Les Frères Scott
35%
2000 Malcolm
35%
2007 The Big Bang Theory
29%
2005 How I Met Your Mother
28%
2000 Les experts
28%
2009 The Vampire Diaries
28%
2006 Dexter
27%
2008 Ma famille d'abord
27%
2004 Dr House
26%
2008 Mentalist
19%
2001 Smallville
19%
2005 Supernatural
19%
2000 Gilmore Girls
16%
2004 Lost les disparus
15%
2005 Doctor who
13%
2005 Esprits Criminels
12%
2002 Monk
12%
2006 Heroes
11%
2001 Scrubs
10%
2001 Alias
8%
2009 Castle
8%
2005 Kaamelott
8%
2009 Modern Family
8%
2004 Veronica Mars
8%
2001 24 Heures Chrono
7%
2007 Skins
7%
2007 Chuck
6%
2007 Mad Men
6%
2003 Nip Tuck
6%
2008 Sons of Anarchy
6%
2002 Sur écoute
6%
2008 True Blood
6%
2005 American Dad
4%
2009 Community
4%
2008 Fringe
4%
2009 Misfits
4%
2005 Rome
4%
2009 The Good Wife
4%
2002 The Shield
4%
2007 Californication
3%
2004 Camera Café
3%
2000 Dark Angel
3%
2002 Firefly
3%
2001 Frères d'armes
3%
2007 Les Tudors
3%
2002 Six pieds sous terre
3%
2004 Stargate Atlantis
3%
2005 Avatar le dernier maitre de l'air
2%
2005 Battlestar Galactica
2%
2004 Deadwood
2%
2006 Death Note
2%
2005 Engrenages
2%
2003 NCIS : Enquêtes spéciales
2%
2009 Parks and Recreation
2%
2005 Weeds
2%
2003 Arrested development
1%
2009 Braquo
1%
2003 Cold Case : Affaires classées
1%
2005 Earl
1%
2006 Friday Night lights
1%
2003 Full Metal Alchemist
1%
2008 Generation Kill
1%
2008 Hero Corp
1%
2005 Philadelphia
1%
2007 Pushing Daisies
1%
2004 Samurai Champloo
1%
2000 The Corner
1%
2006 The IT Crowd
1%
2007 The Killing
1%
2004 The L World
1%
2005 The Office US
1%
2010 Beardwalk Empire
0%
2000 Black Books
0%
2008 Code Gean : Lelouch de la Rébellion R2
0%
2006 Code Gean : Lelouch of the Rebellion
0%
2007 Damages
0%
2003 Dead like me
0%
2008 Dead Set
0%
2008 Doctor Horrible's Sing-Along Blog
0%
2009 Dollhouse
0%
2008 En Analyse
0%
2004 Entourage
0%
2009 Fullmetal Alchemist : Brotherhood
0%
2002 Ghost in the shell : Stand Alone Complex
0%
2007 Gurren Lagann
0%
2003 La caravane de l'Étrange
0%
2005 Le coeur a ses raisons
0%
2009 Le visiteur du futur
0%
2006 Life on Mars
0%
2004 Monster
0%
2005 Mushishi
0%
2004 Paranoia Agent
0%
2000 Queer as Folk
0%
2001 The Office UK
0%
2009 United States of Tara
0%
Aucun quiz correspondant
Distribution des résultats
% des personnes avec chaque résultat
Percentile par nombre de réponses
Votre historique - résultats
Vous n’avez pas pris ce quiz